La amenaza fantasma: inteligencia artificial y derechos laborales /
El autor examina cómo la creciente automatización y el uso de algoritmos y sistemas de IA están transformando el panorama laboral, planteando desafíos y oportunidades para los trabajadores y sus derechos. Ottaviano analiza cómo la IA afecta a la creación y pérdida de empleos, así como a la naturalez...
Tallennettuna:
| Päätekijä: | |
|---|---|
| Aineistotyyppi: | Kirja |
| Kieli: | Spanish |
| Aiheet: | |
| Tagit: |
Lisää tagi
Ei tageja, Lisää ensimmäinen tagi!
|
MARC
| LEADER | 00000nam a22000007a 4500 | ||
|---|---|---|---|
| 003 | cru IIS | ||
| 005 | 20230829131858.0 | ||
| 007 | ta | ||
| 008 | 220502s2021 ag |||p|r|||| 00| 0 spa d | ||
| 040 | |c cru IIS | ||
| 100 | 1 | |9 10395 |a Ottaviano, Juan Manuel |e Autor | |
| 245 | 1 | 3 | |a La amenaza fantasma: |b inteligencia artificial y derechos laborales / |c Juan Manuel Ottaviano |
| 300 | |a páginas 83-95 | ||
| 520 | |a El autor examina cómo la creciente automatización y el uso de algoritmos y sistemas de IA están transformando el panorama laboral, planteando desafíos y oportunidades para los trabajadores y sus derechos. Ottaviano analiza cómo la IA afecta a la creación y pérdida de empleos, así como a la naturaleza misma del trabajo. El autor también discute cómo las políticas públicas y las regulaciones pueden responder a esta transformación, garantizando la protección de los derechos laborales en un entorno cada vez más digitalizado. A través de ejemplos y reflexiones, Ottaviano aborda cuestiones éticas, sociales y económicas relacionadas con la adopción de la IA en el mundo laboral.RAR | ||
| 650 | 0 | |2 OCDE |9 3784 |a POLITICAS PUBLICAS | |
| 773 | 0 | |0 19022 |9 7038 |a Fundación Friedrich Ebert |d Fundación Friedrich Ebert; Nueva Sociedad Buenos Aires, Argentina |o 22549 |t Nueva Sociedad / | |
| 942 | |2 ddc |c PP | ||
| 999 | |c 44205 |d 44205 | ||
